00888nam a22002537a 45000010005000000030006000050050017000110080041000280200018000690400029000870500014001160820012001301000026001422450035001682500040002032600035002433000044002785050007003225200213003295210019005425210018005616500023005796500032006025001FISKH20250807154301.0241031b cb ||||| |||| 00| 0 eng d a9780545057974 aFISKHbengcFISKHdFISKH aQL755.C66 a591.518 aCooper, Waded(1992-) aNight creatures /cWade Cooper aThis edition first printing in 2008 aNew York :bScholastic,c2008. a30 pages :bColor illustration ;c23 cm aJ  a"Simple words and sentences combine with amazing photographs of real-life animals to make this an inspiring early reader that children will love to read together, read with help--and read alone!"--Cover back.8 a450L bLexile 8 aJ bRaz-plus  2NocturnalaScience 2NightaAnimalsvNon-fiction